000 00978nam a22003017a 4500
001 BR2016000468
003 BR-BrBNA
005 20230928104812.0
007 ta
008 230509b bl.||||| |||| 00| 0 por d
040 _aBR-BrBNA
_bpor
_cBiblioteca Nacional de Agricultura
041 _a(Por)
072 _aL70; L50
_b5120
090 _ 5120 BR2016000468
100 1 _aAbrantes, R.G.P.
110 1 _aUniversidade Federal de Minas Gerais, Belo Horizonte (Brasil). Escola de Veterinária
_0Tese (Mestre em Zootecnia)
245 1 _aValidação de um protocolo de treinamento para provas de marcha da raça Mangalarga Marchador
260 3 _aBelo Horizonte, MG (Brasil):
_c2013.
300 _a77 p.
500 _aSummaries (Eng, Por); Bibliography p. 69-76; 25 tables
650 _aMANGA LARGA
650 _aEQUITAÇÃO
650 _aRESPIRAÇÃO
650 _aCORAÇÃO
650 _aBIOQUÍMICA ANIMAL
909 _a202309
_bLucia
_c55
_dLucia Elande
942 _cBK
999 _c81837
_d81837